| 000 | 01104cam a22002531i 4500 | ||
|---|---|---|---|
| 003 | SA-RiAUC | ||
| 005 | 20250101081454.0 | ||
| 008 | 241225s1993 ||| g 000 0 ara c | ||
| 040 |
_aSA-RiIMS _bara _cSA-RiAUC _erda |
||
| 082 | 0 | 4 |
_a247.8 _qSA-RiAUC |
| 090 |
_a247.8 _bح س ي |
||
| 100 | 1 |
_aالحسيني، أبو محمد _eمؤلف. |
|
| 245 | 1 | 0 |
_aأوجز الخطاب في بيان موقف الشيعة من الصحابة : _bنصوص من كتب الشيعة الإثنى عشرية تبين موقفهم من الصحابة بإيجاز / _cأبو محمد الحسيني. |
| 250 | _aالطبعة الأولى. | ||
| 264 | 1 |
_a[مكان النشر غير محدد] : _bأبو محمد الحسيني، _c1993 |
|
| 300 |
_a191 صفحة ؛ _c24 سم |
||
| 336 |
_aنص _btxt _2rdacontent _3كتاب |
||
| 337 |
_aبدون وسيط _bn _2rdamedia |
||
| 338 |
_aمجلد _bnc _2rdacarrier |
||
| 650 | 7 |
_aالإثنا عشرية (فرقة إسلامية) _2aucsh |
|
| 650 | 7 |
_aالشيعة (فرقة إسلامية) _2aucsh |
|
| 942 |
_2ddc _cBOOK _n0 |
||
| 949 |
_aSA-JeALM _d241225 _umohamedma123 _n1 |
||
| 999 |
_c4285 _d4285 |
||